| 000 | 01175nam a2200289 a 4500 | ||
|---|---|---|---|
| 003 | BLK | ||
| 005 | 20250710104929.0 | ||
| 008 | 200106b bu ||||| |||| 00| 0 bu d | ||
| 020 | _a9789543575763 | ||
| 040 | _aBLK | ||
| 041 |
_aBUL _cBUL |
||
| 080 |
_aМузика _b78 _x(02.053.2) _z78(02.053.2) _9234805 |
||
| 084 | _aК 78 | ||
| 100 |
_aКолет, Емили _9489099 |
||
| 245 |
_aМоят малък Шопен _cЕмили Колет; ил. Северин Кордие; прев. Валерия Стефанова _bМузикална книжка |
||
| 257 | _aBGR | ||
| 260 |
_9210050 _aСофия _bЕМАС _c2023 |
||
| 300 |
_a11 с. _bс цв. ил. _c17Х16 см. |
||
| 380 | _aDN | ||
| 490 |
_9489100 _aМоята малка музикална книжка |
||
| 500 | _aОриг. загл. Mon petit Chopin / Emilie Collet. - Кн. отпеч. на ламиниран картон | ||
| 700 | 1 |
_982399 _aКордие, Северин |
|
| 700 |
_9449448 _aСтефанова, Валерия Валериева |
||
| 942 |
_cKNG _n0 _s1 _039 |
||
| 944 |
_cТеодора Пейчева-Дянкова _k30551 _lБояна Костадинова |
||
| 999 |
_c495374 _d495374 |
||
| 999 | _d495374 | ||